Представление документа в формате RUSMARC

ПолеНазваниеЗначение
  Тип записи a
  Библиографический уровень m
001 Контрольный номер RU/SLIB/B/208741836
005 Дата корректировки 20201206204058.4
010 Индекс ISBN __
a ISBN 5-04-003540-3
d Цена 77-30
101 Язык документа __
a Язык текста rus
200 Заглавие и сведения об ответственности 0_
a Заглавие И Цзин: Древняя китайская "Книга перемен"
b Общее обозначение материала Текст
210 Выходные данные __
a Место издания М.
c Издательство ЭКСМО-Пресс
d Дата издания 2001
215 Физическое описание __
a Объем 560 с.
225 Серия __
a Серия Антология мудрости
327 Примечание о содержании __
a Примечание о содержании Древняя китайская "Книга перемен"
330 Аннотация __
a Аннотация Трактат о движении основных сил Вселенной, источник гадательной информации, способ обогнать судьбу. Книга иллюстрирована древними китайскими художниками.
606 Тематические рубрики __
a Основная рубрика Религия. Мистика. Свободомыслие
606 Тематические рубрики __
a Основная рубрика Философия
y Географическая подрубрика Китай
606 Тематические рубрики __
a Основная рубрика Магия, мантика
606 Тематические рубрики __
a Основная рубрика Философия зарубежных стран
610 Ключевые слова __
a Ключевые слова гадания; мантика; судьба; символы; самосовершенствование; мистика; древний мир; китайская философия
686 Индексы других классификаций __
a Классификационный индекс 86.41
686 Индексы других классификаций __
a Классификационный индекс 87.3(5Кит)
801 Источник записи _0
a Страна RU
b Организация Муниципальное бюджетное учреждение культуры "Централизованная библиотечная система" г. Сургут (Центральная городская библиотека им. А. С. Пушкина)
g Правила каталогизации КиК/Котельникова
801 Источник записи _1
a Страна RU
b Организация Муниципальное бюджетное учреждение культуры "Централизованная библиотечная система" г. Сургут (Центральная городская библиотека им. А. С. Пушкина)
g Правила каталогизации КиК/Котельникова
852 Данные о местонахождении __
j Шифр хранения 86.41
c Каталожный индекс 86.41; 87.3(5Кит)
i Авторский знак И 11
901 Тип документа __
t Тип документа m
903 Характеристики (МАРС) __
a Дата передачи 20030530
990 Данные о заказе (DOS) __
j Количество экземпляров (DOS) 2
t N записи в КСУ для И/У (DOS) 200306